000 02331nam a22003017a 4500
999 _c21947
_d21947
003 AR-CdUCM
008 190425b ||||| |||| 00| 0 spa d
040 _aMUNICIPALIDAD PROVINCIAL DEL CUSCO
_cBIBLIOTECA MUNICIPAL DEL CUSCO
082 _aRev.Anto/N°119/2011
110 _aUniversidad Nacional de San Antonio Abad del Cusco
_915942
245 _aEl Antoniano :
_bRevista científico cultural de la Universidad Nacional de San Antonio Abad del Cusco /
_cHugo Bonet Rodríguez, director
260 _aCusco :
_bUNSAAC,
_c2011.
300 _a182 páginas. :
_bilustraciones ;
_c29 cm.
440 _aEl Antononiano.
_nAño 21, N°119, tercer trimestre, 2011.
_946958
505 _aContenido: Españoles en nuevo mundo. Jorge Flores Ochoa. -- Fiesta del Wasichacuy en Marcapata. Diana Castillo Cerf. -- José María Arguedas en Cusco. Ricardo Valderrama. -- Apellidos aborígenes andinos. Leandro Zans Candia. -- Economía de subsistencia en la globalización. Mario Morvelí Salas. -- Demetrio Roca Wallparimachi y las clasificaciones étnicas. Gonzalo Valderrama Escalante. -- Cosecha de agua de lluvia. María Consuelo Ancco. -- Arquitectura de obrajes y chorrillos cusqueños. Inti Barreto Rivera. -- Producción del habitar en Machupicchu. Víctor Manuel Salas. -- Casas cusqueñas en inminente riesgo. Mariela Carrasco Gamarra. -- El pasado en el desarrollo humano. Fernando Oviedo Hinojosa. -- Transmisibilidad en maquinas rotativas. David Barrios Bárcena. -- Minería y medio ambiente. Ángel Bueno Galdo. -- El trigo. José Ángel Escalante Gutiérrez. -- Flórula vascular en Machupicchu. Julio Gustavo Ochoa Estrada. -- José María Arguedas hacia el futuro. Efraín Garcés Chalco. -- Dr. Víctor Navarro del Águila y el Machupicchu. Demetrio Roca Wallparimachi. -- Túpac Amaru Kamaq Taytanchisman. José María Arguedas.
650 _aFolklore cusqueño
_98693
650 _aIdentidad cultural
_92943
650 _aJosé María Arguedas
_9793
650 _aMachupicchu
_91751
700 _aFlores Ochoa, Jorge
_92915
700 _aMorvelí Salas, Mario
_97203
700 _aCastillo Cerf, Diana
_946957
700 _aArguedas, José María
_9790
700 _aValderrama Fernández, Ricardo
_97653
710 _aUniversidad Nacional de San Antonio Abad del Cusco
_915942
942 _2ddc
_cPP
945 _arac